000 00629nam a2200205Ia 4500
003 GCL
005 20240530105929.0
008 140319s9999 xx 000 0 ara d
040 _aGCL /
_cGCL
082 0 4 _a329.02
_bر و
100 1 _aرفعت سيد احمد
245 1 0 _aوصية الخمينى ايران ما بعد الامام دراسة وتحقيق /
_cرفعت سيد احمد
260 _a[S.N] :
_bالدار الشرقية ،
_c1989
300 _a142 ص
650 0 4 _aالاسلام
650 0 4 _aايران
650 0 4 _aالخومينى
650 0 4 _aالاسلام والسياسة
942 _2ddc
_cBK
999 _c57650
_d57650